000 00697nam a22002177a 4500
005 20230602023249.0
008 221215b |||||||| |||| 00| 0 eng d
020 _a971-23-1818-4
082 _aGrad./Fil. 001.4 C164 2000
100 _aCalmorin, Laurentina P.
_eauthor
245 _aMethods of research and thesis writing /
_cLaurentina Paler-Calmorin, Melchor A. Calmorin
250 _a1st ed.
260 _aManila:
_bRex Book Store,
_cc2000.
300 _axiv, 390p.
504 _aIncludes index
505 _aOriginally published: Rex Book Store, 1995.
541 _e1476 c.1, 1477 c.2, 1478 c.3
650 _aResearch
650 _aThesis
700 _aCalmorin, Melchor A.
_eauthor
999 _c410
_d410